Zmeny v platení poistného na sociálne poistenie s účinnosťou od 1.1.2008

Bibliographic Details
Main Author: Ruppová, Nataša (Author)
Format: Article
Language:Slovak
ISSN:1335-2024
Subjects:

MARC

LEADER 00000nab a2200000 ar4500
001 vtls009187278
003 SK-MaSNL
005 20260426070746.0
008 080228c2008 xo mr|p|||||||000 b|slo
015 |a SNBRB2008/02  |2 snkbucl 
038 |a SNKBUCL 
040 |a SNKBUCL  |b slo  |c SNKBUCL  |e AACR2 
041 0 |a slo 
044 |a xo  |c SK 
080 |a 364.3-62:336.225.621  |x (437.6)  |2 2001 
080 |a 336.225.621  |x (437.6)  |2 2001 
100 1 |a Ruppová, Nataša  |4 aut  |9 1116603 
245 1 0 |a Zmeny v platení poistného na sociálne poistenie  |b s účinnosťou od 1.1.2008  |c Nataša Ruppová 
648 7 |a od 1.1.2008  |2 snkbucl  |9 1042853 
650 0 7 |a sociálne poistenie  |2 snkbucl  |9 29221 
650 0 7 |a poistné  |2 snkbucl  |9 852762 
651 7 |a Slovensko  |2 snkbucl  |9 14231 
773 0 |t Účtovníctvo. Audítorstvo. Daňovníctvo v teórii a praxi  |g Roč. XVI, č. 2 (2008), s. 80-86  |x 1335-2024 
852 |a SNK  |b KIS3GCP 
958 |a SK 
999 |c 2670907  |d 2672837